[Event "MSRCH16"]
[Site "?"]
[Date "2026.04.13"]
[Round "5.1"]
[White "Meszaros, Casey Ryan"]
[Black "Holecko, Samuel"]
[Result "1-0"]
[BlackElo "1812"]
[WhiteElo "2204"]
[LiveChessVersion "1.4.8"]

1. e4 {[%clk 1:30:44]} c5 {[%clk 1:30:35]} 2. Nf3 {[%clk 1:30:52]} Nc6
{[%clk 1:30:58]} 3. Bb5 {[%clk 1:28:42]} g6 {[%clk 1:31:22]} 4. O-O
{[%clk 1:28:12]} Bg7 {[%clk 1:31:33]} 5. d3 {[%clk 1:25:06]} e5 {[%clk 1:22:35]}
6. Be3 {[%clk 1:09:03]} d6 {[%clk 1:12:46]} 7. b4 {[%clk 0:46:10]} Qb6
{[%clk 0:46:47]} 8. Nc3 {[%clk 0:44:52]} a6 {[%clk 0:37:21]} 9. bxc5
{[%clk 0:36:56]} dxc5 {[%clk 0:36:48]} 10. Nd5 {[%clk 0:32:08]} Qa5
{[%clk 0:34:54]} 11. Bd2 {[%clk 0:25:25]} Qd8 {[%clk 0:35:20]} 12. Bxc6+
{[%clk 0:25:32]} bxc6 {[%clk 0:35:35]} 13. Ne3 {[%clk 0:25:37]} Be6
{[%clk 0:34:04]} 14. Bc3 {[%clk 0:25:32]} f6 {[%clk 0:29:34]} 15. Nd2
{[%clk 0:23:44]} Ne7 {[%clk 0:28:33]} 16. Ndc4 {[%clk 0:20:20]} O-O
{[%clk 0:22:02]} 17. Ba5 {[%clk 0:19:59]} Qe8 {[%clk 0:21:40]} 18. Rb1
{[%clk 0:13:15]} f5 {[%clk 0:19:45]} 19. Rb7 {[%clk 0:10:42]} Nc8
{[%clk 0:19:43]} 20. f4 {[%clk 0:07:33]} exf4 {[%clk 0:14:16]} 21. Rxf4
{[%clk 0:07:47]} g5 {[%clk 0:14:22]} 22. Rxf5 {[%clk 0:06:34]} Rxf5
{[%clk 0:04:25]} 23. Nxf5 {[%clk 0:06:03]} Bd4+ {[%clk 0:04:33]} 24. Nxd4
{[%clk 0:03:23]} cxd4 {[%clk 0:04:46]} 25. Nb6 {[%clk 0:02:26]} Nd6
{[%clk 0:04:16]} 26. Nxa8 Nxb7 {[%clk 0:03:31]} 27. Nc7 {[%clk 0:02:19]} Qe7
{[%clk 0:03:01]} 28. Nxe6 {[%clk 0:02:02]} Nxa5 {[%clk 0:03:20]} 29. Nxd4
{[%clk 0:01:17]} Qc5 {[%clk 0:03:40]} 30. Qa1 {[%clk 0:01:36]} Nb7
{[%clk 0:02:51]} 31. Kh1 {[%clk 0:01:46]} Nd8 {[%clk 0:00:45]} 32. Nf5
{[%clk 0:01:56]} Qf8 {[%clk 0:00:39]} 33. Qe5 {[%clk 0:01:51]} Nf7
{[%clk 0:00:54]} 34. Ne7+ {[%clk 0:02:11]} 1-0

[Event "MSRCH16"]
[Site "?"]
[Date "2026.04.13"]
[Round "5.2"]
[White "Mazag, Martin"]
[Black "Vasko, Matej"]
[Result "1/2-1/2"]
[BlackElo "2013"]
[WhiteElo "1975"]
[LiveChessVersion "1.4.8"]

1. e4 {[%clk 1:30:59]} e5 {[%clk 1:30:44]} 2. Nf3 {[%clk 1:31:21]} Nf6
{[%clk 1:31:10]} 3. Nxe5 {[%clk 1:30:44]} d6 {[%clk 1:31:29]} 4. Nf3
{[%clk 1:30:53]} Nxe4 {[%clk 1:31:54]} 5. Qe2 {[%clk 1:29:53]} Qe7
{[%clk 1:32:08]} 6. d3 {[%clk 1:29:58]} Nf6 {[%clk 1:32:15]} 7. Bg5
{[%clk 1:29:30]} Nbd7 {[%clk 1:27:02]} 8. Nc3 {[%clk 1:27:11]} h6
{[%clk 1:21:35]} 9. Bh4 {[%clk 1:26:18]} Qxe2+ {[%clk 1:21:17]} 10. Bxe2
{[%clk 1:26:36]} Be7 {[%clk 1:17:21]} 11. O-O-O {[%clk 1:24:01]} O-O
{[%clk 1:13:56]} 12. Nd2 {[%clk 1:23:15]} c6 {[%clk 1:12:43]} 13. Rde1
{[%clk 1:20:20]} d5 {[%clk 1:10:09]} 14. Bg3 {[%clk 1:20:13]} Re8
{[%clk 1:08:24]} 15. d4 {[%clk 1:19:44]} b5 {[%clk 1:02:14]} 16. h3
{[%clk 1:16:19]} Nb6 {[%clk 1:01:24]} 17. Bd3 {[%clk 1:14:50]} Nc4
{[%clk 0:58:14]} 18. Re2 {[%clk 1:13:24]} Be6 {[%clk 0:52:16]} 19. Nf3
{[%clk 1:11:11]} Nd7 {[%clk 0:46:09]} 20. Nb1 {[%clk 1:08:19]} Ndb6
{[%clk 0:40:27]} 21. Nbd2 {[%clk 1:04:44]} Nxd2 {[%clk 0:36:52]} 22. Kxd2
{[%clk 1:04:30]} Nc4+ {[%clk 0:36:06]} 23. Kc1 {[%clk 1:03:57]} Nd6
{[%clk 0:32:44]} 24. Rhe1 {[%clk 1:02:02]} Rac8 {[%clk 0:31:21]} 25. c3
{[%clk 0:56:57]} Bf8 {[%clk 0:30:41]} 26. Bc2 {[%clk 0:54:32]} Bd7
{[%clk 0:29:18]} 27. b3 {[%clk 0:42:53]} Rxe2 {[%clk 0:27:52]} 28. Rxe2
{[%clk 0:43:21]} Nf5 {[%clk 0:19:32]} 29. Bh2 {[%clk 0:39:39]} 1/2-1/2

[Event "MSRCH16"]
[Site "?"]
[Date "2026.04.13"]
[Round "5.3"]
[White "Bilik, Matej"]
[Black "Ropovik, Samuel"]
[Result "1/2-1/2"]
[BlackElo "2072"]
[WhiteElo "2009"]
[LiveChessVersion "1.4.8"]

1. d4 {[%clk 1:30:58]} Nf6 {[%clk 1:30:07]} 2. Nf3 {[%clk 1:31:21]} e6
{[%clk 1:30:29]} 3. Bf4 {[%clk 1:31:45]} d5 {[%clk 1:22:18]} 4. e3
{[%clk 1:29:37]} Bd6 {[%clk 1:22:34]} 5. Bd3 {[%clk 1:29:50]} c5 {[%clk 1:19:46]}
6. Nbd2 {[%clk 1:29:05]} O-O {[%clk 1:13:25]} 7. dxc5 {[%clk 1:28:58]} Bxc5
{[%clk 1:13:38]} 8. Nb3 {[%clk 1:28:21]} Bd6 {[%clk 1:09:19]} 9. O-O
{[%clk 1:25:23]} Nc6 {[%clk 1:03:06]} 10. Bxd6 {[%clk 1:13:46]} Qxd6
{[%clk 1:03:11]} 11. c4 {[%clk 1:14:12]} Rd8 {[%clk 0:50:29]} 12. cxd5
{[%clk 1:13:49]} Nxd5 {[%clk 0:42:13]} 13. Qe2 {[%clk 0:54:33]} e5
{[%clk 0:34:55]} 14. Rfd1 {[%clk 0:50:59]} Qe7 {[%clk 0:34:27]} 15. Bb5
{[%clk 0:42:44]} e4 {[%clk 0:27:59]} 16. Nfd4 {[%clk 0:38:20]} Ne5
{[%clk 0:27:45]} 17. Qf1 {[%clk 0:34:05]} Rd6 {[%clk 0:20:47]} 18. Bc4
{[%clk 0:32:07]} Nb4 {[%clk 0:18:56]} 19. a3 {[%clk 0:29:23]} Nbd3
{[%clk 0:16:50]} 20. Bxd3 {[%clk 0:29:04]} Nxd3 {[%clk 0:17:11]} 21. Rd2
{[%clk 0:24:05]} Rb6 {[%clk 0:17:27]} 22. Rb1 {[%clk 0:23:13]} Be6
{[%clk 0:11:37]} 23. Nxe6 {[%clk 0:22:38]} Qxe6 {[%clk 0:12:06]} 24. Nc1
{[%clk 0:21:43]} Ne5 {[%clk 0:11:31]} 25. Ne2 {[%clk 0:20:11]} Rc8
{[%clk 0:07:23]} 26. Rbd1 {[%clk 0:19:39]} g6 {[%clk 0:07:02]} 27. Rd8+
{[%clk 0:16:41]} Rxd8 {[%clk 0:07:26]} 28. Rxd8+ {[%clk 0:17:09]} Kg7
{[%clk 0:07:47]} 29. b4 {[%clk 0:14:58]} Qa2 {[%clk 0:07:03]} 30. Rd4
{[%clk 0:12:25]} Qxa3 {[%clk 0:05:46]} 31. Rxe4 {[%clk 0:12:17]} Nc6
{[%clk 0:05:42]} 32. h4 {[%clk 0:10:38]} Rxb4 {[%clk 0:05:12]} 33. Rxb4 Qxb4
{[%clk 0:01:31]} 34. Nf4 {[%clk 0:10:56]} Qb2 {[%clk 0:01:09]} 35. Qd3
{[%clk 0:10:10]} Ne5 {[%clk 0:00:33]} 36. Qd8 {[%clk 0:10:12]} Qa1+
{[%clk 0:00:37]} 37. Kh2 {[%clk 0:10:28]} Ng4+ 38. Kg3 {[%clk 0:10:29]} Qf6
{[%clk 0:00:39]} 39. Qd7 Nh6 {[%clk 0:00:37]} 40. Qxb7 {[%clk 0:10:11]} Nf5+
{[%clk 0:00:58]} 41. Kh2 {[%clk 0:10:31]} a5 {[%clk 0:25:47]} 42. Qb5 Qxh4+
{[%clk 0:24:37]} 43. Kg1 {[%clk 0:40:00]} Qd8 {[%clk 0:24:46]} 44. Qe5+
{[%clk 0:40:01]} Kg8 {[%clk 0:24:53]} 45. Nd5 {[%clk 0:40:02]} Ng7
{[%clk 0:13:33]} 46. Qd4 {[%clk 0:36:22]} Ne8 {[%clk 0:10:18]} 1/2-1/2

[Event "MSRCH16"]
[Site "?"]
[Date "2026.04.13"]
[Round "5.4"]
[White "Sichnenko, Grigorij"]
[Black "Simko, Jakub"]
[Result "0-1"]
[BlackElo "2025"]
[WhiteElo "2062"]
[LiveChessVersion "1.4.8"]

1. d4 {[%clk 1:30:14]} d5 {[%clk 1:30:17]} 2. Nc3 {[%clk 1:29:30]} Nf6
{[%clk 1:30:26]} 3. Bf4 {[%clk 1:29:49]} a6 {[%clk 1:30:24]} 4. e3
{[%clk 1:27:16]} e6 {[%clk 1:29:55]} 5. g4 {[%clk 1:25:21]} c5 {[%clk 1:29:07]}
6. g5 {[%clk 1:19:45]} Nfd7 {[%clk 1:28:19]} 7. a3 {[%clk 1:05:59]} b5
{[%clk 1:14:44]} 8. h4 {[%clk 0:56:22]} Nc6 {[%clk 1:13:21]} 9. Nge2
{[%clk 0:51:04]} Bb7 {[%clk 1:12:10]} 10. Bh3 {[%clk 0:46:51]} Nb6
{[%clk 1:06:32]} 11. f3 {[%clk 0:40:10]} cxd4 {[%clk 0:59:45]} 12. exd4
{[%clk 0:35:00]} Bd6 {[%clk 0:58:27]} 13. Kf2 {[%clk 0:32:11]} Qc7
{[%clk 0:53:47]} 14. Bxd6 {[%clk 0:27:03]} Qxd6 {[%clk 0:54:07]} 15. h5
{[%clk 0:23:57]} O-O-O {[%clk 0:47:54]} 16. b4 {[%clk 0:17:01]} Kb8
{[%clk 0:46:35]} 17. a4 {[%clk 0:15:34]} Na7 {[%clk 0:33:33]} 18. axb5
{[%clk 0:14:55]} Nxb5 {[%clk 0:33:11]} 19. Qd3 {[%clk 0:13:02]} Nxc3
{[%clk 0:30:16]} 20. Nxc3 {[%clk 0:12:21]} Nc4 {[%clk 0:30:10]} 21. Na4
{[%clk 0:03:54]} Qf4 {[%clk 0:28:21]} 22. Nc5 {[%clk 0:02:46]} Rd6
{[%clk 0:28:15]} 23. h6 {[%clk 0:01:52]} gxh6 {[%clk 0:26:18]} 24. gxh6
{[%clk 0:02:09]} Rg8 {[%clk 0:25:32]} 25. Nb3 {[%clk 0:01:06]} Rg6
{[%clk 0:24:54]} 26. Raf1 0-1

[Event "MSRCH16"]
[Site "?"]
[Date "2026.04.13"]
[Round "5.5"]
[White "Ondreicka, Roman"]
[Black "Durovka, Marek"]
[Result "1/2-1/2"]
[BlackElo "2054"]
[WhiteElo "1999"]
[LiveChessVersion "1.4.8"]

1. e4 {[%clk 1:29:55]} c5 {[%clk 1:30:27]} 2. Nf3 {[%clk 1:29:38]} Nc6
{[%clk 1:29:34]} 3. d4 {[%clk 1:29:38]} cxd4 {[%clk 1:29:34]} 4. Nxd4
{[%clk 1:30:02]} g6 {[%clk 1:25:26]} 5. Nc3 {[%clk 1:29:10]} Bg7 {[%clk 1:25:51]}
6. Be3 {[%clk 1:29:32]} Nf6 {[%clk 1:25:38]} 7. Bc4 {[%clk 1:27:44]} O-O
{[%clk 1:22:48]} 8. Bb3 {[%clk 1:28:04]} d6 {[%clk 1:21:52]} 9. f3
{[%clk 1:27:48]} Bd7 {[%clk 1:22:09]} 10. Qd2 {[%clk 1:27:28]} Rc8
{[%clk 1:17:59]} 11. O-O-O {[%clk 1:27:12]} Ne5 {[%clk 1:13:35]} 12. Bh6
{[%clk 1:16:01]} Nc4 {[%clk 1:11:27]} 13. Bxc4 {[%clk 1:16:08]} Rxc4
{[%clk 1:11:54]} 14. Bxg7 {[%clk 1:16:09]} Kxg7 {[%clk 1:12:21]} 15. h4
{[%clk 1:07:18]} Qa5 {[%clk 0:48:56]} 16. h5 {[%clk 0:59:01]} b5 {[%clk 0:39:13]}
17. hxg6 {[%clk 0:54:09]} fxg6 {[%clk 0:39:17]} 18. Nb3 {[%clk 0:52:00]} Qc7
{[%clk 0:36:48]} 19. Nd5 {[%clk 0:33:05]} Nxd5 {[%clk 0:34:53]} 20. Qh6+
{[%clk 0:32:26]} Kf7 {[%clk 0:35:22]} 21. Qxh7+ {[%clk 0:32:47]} Ke8
{[%clk 0:31:04]} 22. Qxg6+ {[%clk 0:32:36]} Kd8 {[%clk 0:31:32]} 23. Rxd5
{[%clk 0:31:30]} Rxc2+ {[%clk 0:30:53]} 24. Kb1 {[%clk 0:29:10]} Qc4
{[%clk 0:18:23]} 25. Qg7 {[%clk 0:23:15]} Re8 {[%clk 0:17:58]} 26. Rc1
{[%clk 0:22:13]} Rxc1+ {[%clk 0:17:57]} 27. Nxc1 {[%clk 0:22:38]} Be6
{[%clk 0:16:38]} 28. Rd2 {[%clk 0:21:00]} Rg8 {[%clk 0:12:36]} 29. Qc3
{[%clk 0:20:13]} b4 {[%clk 0:07:56]} 30. Qxc4 {[%clk 0:19:49]} Bxc4
{[%clk 0:08:25]} 31. Rf2 {[%clk 0:19:22]} Rh8 {[%clk 0:08:18]} 32. b3
{[%clk 0:19:13]} Bb5 {[%clk 0:08:32]} 33. Kc2 {[%clk 0:16:38]} Rh1
{[%clk 0:05:31]} 34. Nd3 {[%clk 0:16:07]} a5 {[%clk 0:06:00]} 35. Rd2
{[%clk 0:14:30]} Kc7 {[%clk 0:03:47]} 36. Nf4 {[%clk 0:14:21]} Rg1
{[%clk 0:03:06]} 37. Nd5+ {[%clk 0:14:35]} Kd7 {[%clk 0:03:15]} 38. Kb2
{[%clk 0:13:19]} Bf1 {[%clk 0:03:02]} 39. Ne3 {[%clk 0:13:35]} Bb5
{[%clk 0:03:09]} 40. a3 {[%clk 0:07:24]} bxa3+ {[%clk 0:00:37]} 41. Kxa3
{[%clk 0:04:16]} Ra1+ {[%clk 0:12:40]} 42. Kb2 {[%clk 0:32:53]} Re1
{[%clk 0:11:26]} 43. Nc2 {[%clk 0:30:22]} Rg1 {[%clk 0:11:17]} 44. e5
{[%clk 0:29:12]} Ba6 {[%clk 0:09:22]} 45. exd6 exd6 {[%clk 0:09:44]} 46. Ne3
{[%clk 0:29:03]} Ke6 {[%clk 0:08:40]} 47. Nc4 {[%clk 0:16:41]} Bxc4
{[%clk 0:02:26]} 48. bxc4 {[%clk 0:17:07]} Ke5 {[%clk 0:02:08]} 49. Kb3
{[%clk 0:17:03]} Rb1+ {[%clk 0:02:08]} 50. Kc3 {[%clk 0:16:02]} Rc1+
{[%clk 0:02:05]} 51. Kd3 {[%clk 0:15:33]} Ra1 {[%clk 0:01:37]} 52. Ke3
{[%clk 0:13:53]} Re1+ {[%clk 0:00:54]} 53. Kf2 {[%clk 0:13:39]} Ra1
{[%clk 0:01:22]} 54. Rd5+ {[%clk 0:13:49]} Ke6 {[%clk 0:01:49]} 55. g4
{[%clk 0:13:43]} a4 {[%clk 0:01:56]} 56. Ra5 {[%clk 0:12:50]} a3 {[%clk 0:02:10]}
57. Ke3 {[%clk 0:12:56]} a2 {[%clk 0:01:20]} 58. Kf4 {[%clk 0:13:20]} Kf6
{[%clk 0:00:57]} 59. Ra6 {[%clk 0:12:43]} Ke6 {[%clk 0:01:12]} 60. g5
{[%clk 0:12:21]} Rc1 {[%clk 0:00:36]} 61. Rxa2 {[%clk 0:12:21]} Rxc4+
{[%clk 0:01:05]} 62. Kg3 {[%clk 0:12:17]} d5 {[%clk 0:00:35]} 63. f4
{[%clk 0:07:09]} Kf5 {[%clk 0:00:35]} 64. Rf2 {[%clk 0:07:13]} Rc3+
{[%clk 0:00:45]} 65. Kg2 {[%clk 0:07:23]} d4 {[%clk 0:00:53]} 66. Kf1
{[%clk 0:06:59]} Re3 {[%clk 0:00:36]} 67. Rg2 {[%clk 0:01:27]} Kxf4
{[%clk 0:00:45]} 68. g6 {[%clk 0:01:49]} Re8 {[%clk 0:01:13]} 69. g7
{[%clk 0:02:12]} Rg8 {[%clk 0:01:28]} 1/2-1/2

[Event "MSRCH16"]
[Site "?"]
[Date "2026.04.13"]
[Round "5.6"]
[White "Livnansky, Michal"]
[Black "Jursa, Juraj"]
[Result "0-1"]
[BlackElo "2001"]
[WhiteElo "1910"]
[LiveChessVersion "1.4.8"]

1. e4 {[%clk 1:30:56]} c5 {[%clk 1:30:21]} 2. Nf3 {[%clk 1:31:21]} Nc6
{[%clk 1:30:40]} 3. Bb5 {[%clk 1:31:47]} g6 {[%clk 1:31:02]} 4. Bxc6
{[%clk 1:32:08]} bxc6 {[%clk 1:31:25]} 5. O-O {[%clk 1:31:45]} Bg7
{[%clk 1:31:35]} 6. c3 {[%clk 1:31:30]} Nf6 {[%clk 1:30:57]} 7. Re1
{[%clk 1:31:43]} O-O {[%clk 1:30:12]} 8. d4 {[%clk 1:30:06]} cxd4
{[%clk 1:29:53]} 9. cxd4 {[%clk 1:29:49]} d6 {[%clk 1:27:14]} 10. Nc3
{[%clk 1:27:42]} Nd7 {[%clk 1:16:46]} 11. Be3 {[%clk 1:20:48]} c5
{[%clk 1:14:33]} 12. dxc5 {[%clk 1:01:15]} Nxc5 {[%clk 1:14:15]} 13. e5
{[%clk 1:00:56]} Ba6 {[%clk 1:10:05]} 14. exd6 {[%clk 0:57:19]} exd6
{[%clk 1:09:56]} 15. Qc2 {[%clk 0:49:44]} Rb8 {[%clk 1:00:38]} 16. Rad1
{[%clk 0:48:33]} Qc7 {[%clk 0:45:13]} 17. b3 {[%clk 0:40:01]} Nd3
{[%clk 0:42:35]} 18. Rxd3 {[%clk 0:38:50]} Bxd3 {[%clk 0:41:05]} 19. Qxd3
{[%clk 0:39:19]} Qxc3 {[%clk 0:40:59]} 20. Qxd6 {[%clk 0:39:18]} Qa5
{[%clk 0:30:59]} 21. Qd7 {[%clk 0:30:56]} Qxa2 {[%clk 0:28:05]} 22. Bxa7
{[%clk 0:30:38]} Rbd8 {[%clk 0:16:42]} 23. Qb7 {[%clk 0:30:03]} Rfe8
{[%clk 0:16:45]} 24. Rf1 {[%clk 0:29:19]} Ra8 {[%clk 0:16:38]} 25. Bd4
{[%clk 0:22:57]} Rab8 {[%clk 0:16:07]} 26. Qd5 {[%clk 0:20:22]} Rbd8
{[%clk 0:14:11]} 27. Qb5 {[%clk 0:18:01]} Rb8 {[%clk 0:13:20]} 28. Qa4
{[%clk 0:17:18]} Qxa4 {[%clk 0:07:44]} 29. bxa4 {[%clk 0:17:46]} Bxd4
{[%clk 0:07:33]} 30. Nxd4 {[%clk 0:18:15]} Rb4 {[%clk 0:07:50]} 31. Nc2
{[%clk 0:18:06]} Rxa4 {[%clk 0:08:15]} 32. Ne3 {[%clk 0:16:43]} Rd8
{[%clk 0:07:15]} 33. g3 {[%clk 0:16:00]} Rd2 {[%clk 0:07:09]} 34. h4
{[%clk 0:16:09]} f5 {[%clk 0:06:54]} 35. h5 {[%clk 0:14:31]} Kg7 {[%clk 0:05:54]}
36. hxg6 {[%clk 0:14:41]} hxg6 {[%clk 0:04:48]} 37. Kg2 {[%clk 0:12:00]} Kf6
{[%clk 0:04:24]} 38. Rc1 {[%clk 0:11:11]} Raa2 {[%clk 0:04:16]} 39. Rf1
{[%clk 0:11:31]} g5 {[%clk 0:04:00]} 40. Kf3 {[%clk 0:09:32]} Ra3
{[%clk 0:03:04]} 41. Re1 {[%clk 0:05:32]} Raa2 {[%clk 0:24:07]} 42. Rf1
{[%clk 0:35:09]} Kg6 {[%clk 0:19:50]} 43. Nc4 {[%clk 0:28:49]} Re2
{[%clk 0:18:53]} 44. g4 {[%clk 0:25:16]} fxg4+ {[%clk 0:18:44]} 45. Kg3
{[%clk 0:25:37]} Re4 {[%clk 0:17:09]} 46. Ne3 {[%clk 0:25:33]} Ra3
{[%clk 0:13:28]} 47. Rb1 {[%clk 0:23:50]} Rf4 {[%clk 0:12:23]} 48. Rc1
{[%clk 0:22:39]} Raa4 {[%clk 0:11:00]} 49. Rb1 {[%clk 0:21:47]} Rf3+
{[%clk 0:10:38]} 50. Kg2 {[%clk 0:22:04]} Raf4 {[%clk 0:09:30]} 51. Rf1
{[%clk 0:19:03]} Kh5 {[%clk 0:07:24]} 52. Rh1+ {[%clk 0:18:34]} Rh3
{[%clk 0:07:42]} 53. Rf1 {[%clk 0:18:23]} Kh4 {[%clk 0:04:52]} 54. Kg1
{[%clk 0:17:46]} Rff3 {[%clk 0:04:34]} 55. Ng2+ {[%clk 0:17:02]} Kh5
{[%clk 0:04:56]} 56. Re1 {[%clk 0:16:29]} Rd3 {[%clk 0:02:27]} 57. Re5
{[%clk 0:16:12]} Rd1+ {[%clk 0:02:28]} 58. Ne1 {[%clk 0:16:40]} Rc3
{[%clk 0:02:05]} 59. Kg2 {[%clk 0:16:29]} Rcc1 {[%clk 0:02:24]} 60. Kf1
{[%clk 0:16:58]} Kh4 {[%clk 0:02:25]} 61. Re8 {[%clk 0:16:50]} Rxe1+
{[%clk 0:02:17]} 62. Rxe1 {[%clk 0:16:26]} Rxe1+ {[%clk 0:02:33]} 63. Kxe1
{[%clk 0:16:55]} Kh3 {[%clk 0:02:54]} 64. Kf1 {[%clk 0:17:03]} Kh2
{[%clk 0:03:19]} 0-1

[Event "MSRCH16"]
[Site "?"]
[Date "2026.04.13"]
[Round "5.7"]
[White "Bartelt, Tobias"]
[Black "Nevicky, Nikola"]
[Result "1-0"]
[BlackElo "1974"]
[WhiteElo "1830"]
[LiveChessVersion "1.4.8"]

1. e4 {[%clk 1:30:27]} c5 {[%clk 1:30:54]} 2. Nf3 {[%clk 1:30:52]} Nc6
{[%clk 1:31:15]} 3. Bb5 {[%clk 1:31:16]} Nf6 {[%clk 1:30:50]} 4. e5
{[%clk 1:17:22]} Nd5 {[%clk 1:31:06]} 5. c3 {[%clk 1:15:07]} e6 {[%clk 1:28:34]}
6. O-O {[%clk 1:14:30]} d6 {[%clk 1:27:02]} 7. Bxc6+ {[%clk 1:13:17]} bxc6
{[%clk 1:27:24]} 8. exd6 {[%clk 1:11:15]} Bxd6 {[%clk 1:27:36]} 9. d3
{[%clk 1:11:30]} O-O {[%clk 1:24:40]} 10. Nbd2 {[%clk 1:10:09]} Qe7
{[%clk 1:15:09]} 11. Ne4 {[%clk 1:08:30]} Bc7 {[%clk 1:14:47]} 12. c4
{[%clk 1:05:56]} Nb6 {[%clk 1:05:53]} 13. Be3 {[%clk 1:04:30]} Nd7
{[%clk 1:06:15]} 14. Re1 {[%clk 0:58:46]} Rd8 {[%clk 1:01:38]} 15. a4
{[%clk 0:56:07]} a5 {[%clk 0:46:25]} 16. Nfd2 {[%clk 0:44:23]} Ne5
{[%clk 0:40:48]} 17. Bxc5 {[%clk 0:43:29]} Qh4 {[%clk 0:40:05]} 18. g3
{[%clk 0:36:19]} Qh3 {[%clk 0:38:40]} 19. d4 {[%clk 0:33:20]} Nd3
{[%clk 0:37:08]} 20. Re3 {[%clk 0:32:20]} Nxc5 {[%clk 0:37:08]} 21. dxc5
{[%clk 0:30:39]} Ba6 {[%clk 0:32:02]} 22. Qe2 {[%clk 0:28:33]} Rab8
{[%clk 0:23:04]} 23. b3 {[%clk 0:28:16]} Be5 {[%clk 0:21:35]} 24. Ng5
{[%clk 0:28:22]} Qf5 {[%clk 0:22:01]} 25. Rxe5 {[%clk 0:20:34]} Rxd2
{[%clk 0:21:01]} 26. Qxd2 {[%clk 0:14:46]} Qxe5 {[%clk 0:21:09]} 27. Rd1
{[%clk 0:15:01]} Rf8 {[%clk 0:16:49]} 28. Qe3 {[%clk 0:10:15]} Qxe3
{[%clk 0:11:54]} 29. fxe3 {[%clk 0:10:44]} h6 {[%clk 0:11:54]} 30. Nf3
{[%clk 0:10:35]} Rb8 {[%clk 0:11:39]} 31. Rd3 {[%clk 0:10:28]} f6
{[%clk 0:07:43]} 32. Nd2 {[%clk 0:10:43]} Kf7 {[%clk 0:06:25]} 33. Rd7+
{[%clk 0:11:01]} Kf8 {[%clk 0:06:14]} 34. Ra7 {[%clk 0:07:05]} Bb7
{[%clk 0:06:17]} 35. Kf2 {[%clk 0:07:18]} Rd8 {[%clk 0:06:00]} 36. Ne4
{[%clk 0:06:00]} Bc8 {[%clk 0:05:46]} 37. Nd6 {[%clk 0:06:06]} e5
{[%clk 0:05:41]} 38. Ra8 {[%clk 0:06:19]} Ke7 {[%clk 0:04:29]} 39. Rxc8
{[%clk 0:06:30]} Rxc8 {[%clk 0:04:44]} 40. Nxc8+ {[%clk 0:06:54]} 1-0

[Event "MSRCH16"]
[Site "?"]
[Date "2026.04.13"]
[Round "5.8"]
[White "Janoska, Peter"]
[Black "Bernard, Matthias"]
[Result "1-0"]
[BlackElo "1696"]
[WhiteElo "1953"]
[LiveChessVersion "1.4.8"]

1. e4 {[%clk 1:30:56]} e5 {[%clk 1:30:58]} 2. Nf3 {[%clk 1:31:19]} Nf6
{[%clk 1:31:26]} 3. Nxe5 {[%clk 1:31:33]} d6 {[%clk 1:31:53]} 4. Nf3
{[%clk 1:31:54]} Nxe4 {[%clk 1:32:19]} 5. Nc3 {[%clk 1:32:15]} Nxc3
{[%clk 1:32:16]} 6. dxc3 {[%clk 1:32:39]} Be7 {[%clk 1:31:10]} 7. Be3
{[%clk 1:32:54]} Be6 {[%clk 1:29:59]} 8. Qd2 {[%clk 1:31:18]} Nc6
{[%clk 1:27:26]} 9. O-O-O {[%clk 1:28:42]} a6 {[%clk 1:25:06]} 10. Kb1
{[%clk 1:23:36]} O-O {[%clk 1:20:21]} 11. Bd3 {[%clk 1:22:50]} Rb8
{[%clk 1:18:22]} 12. h4 {[%clk 1:18:41]} b5 {[%clk 1:12:03]} 13. Ng5
{[%clk 1:11:49]} g6 {[%clk 1:05:45]} 14. h5 {[%clk 0:55:39]} Bxg5
{[%clk 1:00:49]} 15. Bxg5 {[%clk 0:54:20]} f6 {[%clk 0:53:50]} 16. Bh6
{[%clk 0:52:44]} g5 {[%clk 0:50:49]} 17. Bxf8 {[%clk 0:50:41]} Qxf8
{[%clk 0:50:39]} 18. f4 {[%clk 0:47:56]} h6 {[%clk 0:48:00]} 19. Rde1
{[%clk 0:45:22]} Qf7 {[%clk 0:44:47]} 20. b3 {[%clk 0:41:56]} a5 {[%clk 0:33:38]}
21. Qe2 {[%clk 0:35:57]} Bd7 {[%clk 0:30:11]} 22. Bxb5 {[%clk 0:32:19]} Nd4
{[%clk 0:26:10]} 23. cxd4 {[%clk 0:31:06]} Bxb5 {[%clk 0:25:32]} 24. Qe6
{[%clk 0:30:54]} a4 {[%clk 0:24:34]} 25. fxg5 {[%clk 0:28:10]} axb3
{[%clk 0:21:42]} 26. Qxf7+ {[%clk 0:28:24]} Kxf7 {[%clk 0:22:10]} 27. g6+
{[%clk 0:28:44]} Kf8 {[%clk 0:22:06]} 28. axb3 {[%clk 0:28:59]} Bd7
{[%clk 0:22:09]} 29. Rhf1 {[%clk 0:29:09]} f5 {[%clk 0:21:52]} 30. g4
{[%clk 0:29:31]} Rb5 {[%clk 0:21:24]} 31. Kb2 {[%clk 0:29:23]} 1-0

[Event "MSRCH16"]
[Site "?"]
[Date "2026.04.13"]
[Round "5.9"]
[White "Hudak, Michal"]
[Black "Mrazik, Lukas"]
[Result "0-1"]
[BlackElo "1929"]
[WhiteElo "1804"]
[LiveChessVersion "1.4.8"]

1. d4 {[%clk 1:30:55]} e6 {[%clk 1:30:45]} 2. Nf3 {[%clk 1:31:01]} f5
{[%clk 1:30:41]} 3. e3 {[%clk 1:25:08]} Nf6 {[%clk 1:30:54]} 4. Bd3
{[%clk 1:25:01]} b6 {[%clk 1:30:57]} 5. Nbd2 {[%clk 1:21:27]} Bb7
{[%clk 1:31:07]} 6. O-O {[%clk 1:20:26]} Be7 {[%clk 1:31:07]} 7. c4
{[%clk 1:19:26]} Ne4 {[%clk 1:26:20]} 8. Qc2 {[%clk 1:08:35]} d5 {[%clk 1:21:11]}
9. Ne5 {[%clk 1:04:36]} O-O {[%clk 1:18:19]} 10. f4 {[%clk 1:03:59]} Nd7
{[%clk 1:16:28]} 11. Ndf3 {[%clk 0:57:08]} c5 {[%clk 1:12:04]} 12. b3
{[%clk 0:56:50]} Rc8 {[%clk 1:10:35]} 13. Bb2 {[%clk 0:45:06]} Nxe5
{[%clk 0:59:28]} 14. dxe5 {[%clk 0:43:12]} Qe8 {[%clk 0:57:42]} 15. Qe2
{[%clk 0:39:19]} Qg6 {[%clk 0:56:58]} 16. a4 {[%clk 0:36:47]} a5 {[%clk 0:56:57]}
17. Rfd1 {[%clk 0:24:36]} Rfd8 {[%clk 0:55:45]} 18. Rac1 {[%clk 0:16:05]} Qe8
{[%clk 0:53:59]} 19. h3 {[%clk 0:12:44]} Ng3 {[%clk 0:51:24]} 20. Qe1
{[%clk 0:12:21]} Qg6 {[%clk 0:51:09]} 21. Kh2 {[%clk 0:12:33]} Ne4
{[%clk 0:49:49]} 22. Bxe4 {[%clk 0:08:39]} dxe4 {[%clk 0:49:44]} 23. Ng1
{[%clk 0:03:34]} Qe8 {[%clk 0:47:27]} 24. Rc2 {[%clk 0:01:43]} Rc7
{[%clk 0:46:10]} 25. Rcd2 {[%clk 0:01:57]} Rcd7 {[%clk 0:46:34]} 26. Qe2
{[%clk 0:01:32]} Bc6 {[%clk 0:45:56]} 27. g4 {[%clk 0:01:10]} Bh4
{[%clk 0:44:56]} 28. Bc3 {[%clk 0:00:45]} Rxd2 {[%clk 0:44:20]} 29. Rxd2
{[%clk 0:01:12]} Rd7 {[%clk 0:43:40]} 30. Qd1 {[%clk 0:00:40]} g5
{[%clk 0:33:44]} 31. Rxd7 {[%clk 0:00:41]} Qxd7 {[%clk 0:34:08]} 32. Qxd7
{[%clk 0:01:03]} Bxd7 {[%clk 0:34:32]} 33. Kg2 {[%clk 0:01:22]} h5
{[%clk 0:32:23]} 34. gxh5 {[%clk 0:01:28]} Be8 {[%clk 0:32:29]} 35. Kf1
{[%clk 0:00:53]} Bxh5 {[%clk 0:31:23]} 36. Ne2 {[%clk 0:01:09]} g4
{[%clk 0:10:47]} 37. hxg4 {[%clk 0:01:35]} fxg4 {[%clk 0:11:12]} 38. Nc1
{[%clk 0:00:53]} g3 {[%clk 0:09:10]} 39. Kg1 {[%clk 0:01:07]} Bf3
{[%clk 0:08:17]} 40. Be1 {[%clk 0:01:35]} Kf7 {[%clk 0:06:59]} 41. Na2
{[%clk 0:06:57]} Kg6 {[%clk 0:35:58]} 42. Nc3 Kf5 {[%clk 0:35:47]} 43. Nb5
{[%clk 0:02:20]} Bd1 {[%clk 0:35:35]} 44. Nd6+ {[%clk 0:02:39]} Kg4
{[%clk 0:35:17]} 45. Nc8 {[%clk 0:01:30]} Bd8 {[%clk 0:33:28]} 46. Nd6
{[%clk 0:00:43]} Kf3 {[%clk 0:22:03]} 47. Nf7 {[%clk 0:00:35]} Bh4
{[%clk 0:20:03]} 48. f5 {[%clk 0:00:40]} exf5 {[%clk 0:19:47]} 49. e6
{[%clk 0:00:59]} Bxb3 {[%clk 0:15:09]} 50. Bc3 {[%clk 0:00:36]} Bxc4
{[%clk 0:12:01]} 51. Ne5+ {[%clk 0:01:00]} Kxe3 {[%clk 0:12:23]} 52. Nxc4+ Kd3
{[%clk 0:12:42]} 53. Bxa5 {[%clk 0:00:33]} bxa5 {[%clk 0:12:15]} 54. Nxa5
{[%clk 0:00:35]} e3 {[%clk 0:12:23]} 55. Nb3 Kc2 {[%clk 0:10:21]} 56. Nxc5
{[%clk 0:00:32]} e2 {[%clk 0:10:28]} 0-1